000 00312nam a22001217a 4500
008 260429b |||||||| |||| 00| 0 eng d
020 _a9789373594163
100 _aAgarwal, R S
245 _aQuantitative Aptitude (Kannada)
260 _aNew Delhi
_bS Chand and Company Ltd
_c2026
300 _a758p
942 _2ddc
999 _c1342
_d1342